MARC details
| 000 -CABECERA |
| campo de control de longitud fija |
01310nam a2200277 a 4500 |
| 005 - FECHA Y HORA DE LA ÚLTIMA TRANSACCIÓN |
| campo de control |
20220330112907.0 |
| 008 - ELEMENTOS DE LONGITUD FIJA--INFORMACIÓN GENERAL |
| campo de control de longitud fija |
191111t2000 sp fr 001 0 spa d |
| 020 ## - NÚMERO INTERNACIONAL NORMALIZADO PARA LIBROS |
| Número Internacional Estándar del Libro |
8449309689 |
| 035 ## - NÚMERO DE CONTROL DEL SISTEMA |
| Número de control de sistema |
UPN01000233978 |
| 040 ## - FUENTE DE LA CATALOGACIÓN |
| Centro catalogador/agencia de origen |
UPN |
| Lengua de catalogación |
spa |
| Centro/agencia transcriptor |
UPN |
| 050 14 - SIGNATURA TOPOGRÁFICA DE LA BIBLIOTECA DEL CONGRESO |
| Número de clasificación |
HD4904 |
| Número de documento/Ítem |
N8.4 |
| 245 03 - MENCIÓN DE TÍTULO |
| Título |
Un nuevo mundo feliz : |
| Resto del título |
la precariedad del trabajo en la era de la globalización / |
| Mención de responsabilidad, etc. |
Ulrich Beck. |
| 260 ## - PUBLICACIÓN, DISTRIBUCIÓN, ETC. |
| Lugar de publicación, distribución, etc. |
Barcelona ; |
| -- |
Buenos Aires ; |
| -- |
México : |
| Nombre del editor, distribuidor, etc. |
Paidós, |
| Fecha de publicación, distribución, etc. |
2000. |
| 300 ## - DESCRIPCIÓN FÍSICA |
| Extensión |
270 p. |
| 440 #0 - MENCIÓN DE SERIE/ASIENTO SECUNDARIO--TÍTULO |
| 9 (RLIN) |
43786 |
| Título |
Paidós estado y sociedad |
| Designación de volumen o secuencia |
79 |
| 500 ## - NOTA GENERAL |
| Nota general |
Título original en alemán: Schöne neue Arbeitswelt. |
| 500 ## - NOTA GENERAL |
| Nota general |
Incluye índice analítico y de nombres. |
| 505 0# - NOTA DE CONTENIDO CON FORMATO PREESTABLECIDO |
| Nota de contenido con formato |
Modelo : trabajo cívico / Ulrich Beck. -- Una visión: la sociedad de los ciudadanos globales / Ulrich Beck. -- El fin de la cultura de la caravana / Gerd Mutz. -- El futuro de África / Ruth Bamela Engo-Tjega. -- La vida laboral de los musulmanes en el sudeste asiático / Baharuddin Shamsul. -- La transformación de la cultura laboral en Asia / Hing Ai Yun. |
| 650 14 - ASIENTO SECUNDARIO DE MATERIA - TERMINO TEMATICO |
| 9 (RLIN) |
26401 |
| Término de materia o nombre geográfico como elemento de entrada |
TRABAJO Y GLOBALIZACION |
| 650 17 - ASIENTO SECUNDARIO DE MATERIA - TERMINO TEMATICO |
| 9 (RLIN) |
43792 |
| Término de materia o nombre geográfico como elemento de entrada |
Mujeres - |
| Subdivisión general |
Empleo - |
| Subdivisión geográfica |
África |
| 650 14 - ASIENTO SECUNDARIO DE MATERIA - TERMINO TEMATICO |
| 9 (RLIN) |
43802 |
| Término de materia o nombre geográfico como elemento de entrada |
Trabajo y trabajadores - |
| Subdivisión geográfica |
Asia |
| 700 1# - ASIENTO SECUNDARIO--NOMBRE DE PERSONAL |
| Nombre de persona |
Beck, Ulrich, |
| Fechas asociadas al nombre |
1944-2015 |
| Término indicativo de función/relación |
coaut. |
| 9 (RLIN) |
34525 |
| 905 ## - TIPO DE MATERIAL |
| Tipo de material |
Libro |
| 942 ## - ELEMENTOS DE PUNTO DE ACCESO ADICIONAL (KOHA) |
| Fuente del sistema de clasificación o colocación |
Library of Congress Classification |
| Tipo de ítem Koha |
Libro |